1679 1508 1988 1029 1179 1876 1180 1539 1211 1624 1412 1122 1311 1020 1200 1770 1183 1724 1152 1720 1857 1098 1960 1768 1760 1630 1811 1673 1324 1000 1788 1403 1048 1142 1881 1533 1457 1774 1269 1587 1934 1200 1970 1867 1566 1817 1638 1324 1347 1888 1328 1965 1051 1201 1281 1350 1005 1960 1424 1267 1693 1342 1305 1017 1133 1881 1325 1246 1584 1698 1235 1080 1598 1215 1866 1011 1568 1890 1020 1525 1812 1616 1250 1514 1309 1700 1259 1787 1820 1879 1485 1243 1243 1926 1039 1418 1857 1989 1897 BCNSPRNW ULIB Ver.6.0+V

เปลี่ยนเป็นภาษาไทย

Change to English
 แสดงรายละเอียดบรรณานุกรม
  กลับหน้าหลัก

Brief Record : Get Marc (ISO 2709) : E-mail record : QR code < ปิดหน้าต่าง
LEADER : 00000nam 2200000uu 4500
001    13399122609
003     ULIB
008    130815s2555||||th 000 0 tha d
020    ^a9786167443713
060 04 ^aWP840^bก125ต 2555
100 0  ^aกนกอร บุญพิทักษ์
245 10 ^aเต้านม :^bโรคต้องรู้และการดูแลรักษา /^cกนกอร บุญพิทักษ์
260    ^aกรุงเทพฯ :^bFeel good publishing,^c2555
300    ^a224 หน้า :^bภาพประกอบ ;^c21 ซม.
650  4 ^aเต้านม, โรค^xการวินิจฉัย
650  4 ^aเต้านม, โรค^xการรักษา
650  4 ^aเต้านม^xมะเร็ง^xการรักษา
650  4 ^aเต้านม, เนื้องอก^xการรักษา
945    ^p170^l0^i033741
945    ^p170^l0^i033742
945    ^p170^l0^i033743
999    ^aเกษร โพธิ์สุวรรณ
รายการนี้ยังไม่มีแท็ก
คุณยังไม่ได้ล็อกอิน คุณสามารถมีกิจกรรมร่วมกับเว็บไซต์ได้ แต่ต้องล็อกอินก่อน ::
  ล็อกอิน

รายการสื่อสารสนเทศ

ลำดับที่ ประเภท เลขเรียก/บาร์โค้ด สถานที่ สถานะ
1. วิทยาศาสตร์การแพทย์ และสุขภาพ
หนังสือสำรอง
สถานะ=หนังสือสำรอง
WP840 ก125ต 2555 ฉ.1 
  Barcode: 033741
ห้องสมุดวิทยาเขตสวรรค์ประชารักษ์
►ส่วนจัดเก็บหนังสือเก่า สปร
บนชั้น
  ขอยืม
2. วิทยาศาสตร์การแพทย์ และสุขภาพ
วิทยาศาสตร์การแพทย์ และสุขภาพ
WP840 ก125ต 2555 ฉ.2 
  Barcode: 033742
ห้องสมุดวิทยาเขตสวรรค์ประชารักษ์
►ส่วนจัดเก็บหนังสือเก่า สปร
บนชั้น
  ขอยืม
3. วิทยาศาสตร์การแพทย์ และสุขภาพ
วิทยาศาสตร์การแพทย์ และสุขภาพ
WP840 ก125ต 2555 ฉ.3 
  Barcode: 033743
ห้องสมุดวิทยาเขตสวรรค์ประชารักษ์
►ส่วนจัดเก็บหนังสือเก่า สปร
บนชั้น
  ขอยืม

รายการใกล้เคียง
    ผู้แต่ง [กนกอร บุญพิทักษ์]

BibComment


ยังไม่เคยถูกคอมเมนท์

คอมเมนท์ทรัพยากรรายการนี้
  คอมเมนท์: เต้านม โรคต้องร..


 Copyright 2026. Bcnsprnw @Library